مكتبة جامعة عجلون الوطنية

فهرس بحث المكتبة

Normal view MARC view
  • تاليف حلاوة، محمد

Entry Personal Name

Number of records used in: 1

001 - CONTROL NUMBER

  • control field: 35691

003 - CONTROL NUMBER IDENTIFIER

  • control field: JO-AjAnu

005 - DATE AND TIME OF LATEST TRANSACTION

  • control field: 20230606075951.0

008 - FIXED-LENGTH DATA ELEMENTS

  • fixed length control field: 230606|| aca||aabn | a|a d

040 ## - CATALOGING SOURCE

  • Original cataloging agency: JO-AjAnu
  • Transcribing agency: JO-AjAnu

100 ## - HEADING--PERSONAL NAME

  • Personal name: تاليف حلاوة، محمد

670 ## - SOURCE DATA FOUND

  • Source citation: Work cat.: (JO-AjAnu)18327: تاليف حلاوة، محمد, author, المرشد الجديد في اللغة العربية: المطالعة والنصوص القواعد والتطبيقات اللغوية التعبير والتلخيص:للصف التاسع، الفصل الثاني